000 01911nam a22001577a 4500
041 _aukr
080 _a09
090 _bКІС
100 _aКісільчук І. М.
245 _aІнтесифікація навчання діалогічного мовлення на середньому етапі загальноосвітньої школи (англійська мова, 7 клас)
260 _aОстрог
_bКАФ
_c2003
300 _a42
520 _aРозділ 1. Теоретичні аспекти інтенсифікації навчання діалогічного мовлення на середньому етапі загальноосвітньої школи. 1.1. Загальна характеристика діалогічного мовлення. 1.2. Загальна характеристика інтенсифікації навчання діалогічного мовлення. 1.2.1. Проблема інтенсифікації навчання діалогічного мовлення в загальноосвітній школі. 1.2.2. Шляхи інтенсифікації навчання діалогічного мовлення в загальноосвітній школі. Розділ 2. Методика інтенсифікації навчання діалогічного мовлення на середньому етапі. 2.1. Комплекс вправ для інтенсифікації навчання діалогічного мовлення на середньому етапі. 2.2. Модель навчального процесу для інтенсивного оволодіння діалогічним мовленням на середньому етапі в сьомому класі.
_0Навчання, діалогічне мовлення, методика.
650 _aResearch Papers
999 _c281819
_d281819
942 _cBK